Mystery Taylor Swift Song #13 - Statistics

General Stats
  • This quiz has been taken 1,735 times
    1,618 since last reset
  • The average score is 101 of 156
Answer Stats
Song % Correct
I
96%
a
95%
(A
95%
the
91%
you
90%
me)
87%
me
87%
Midnights
87%
be
85%
my
84%
and
83%
in
83%
It
83%
(I'm
82%
I'm
82%
on
82%
(Hi)
81%
Hi
81%
Anti-Hero
80%
anti-hero
80%
It's
79%
its
79%
it's
79%
then
79%
your
79%
but
78%
(For
78%
for
78%
never
78%
this
78%
to
78%
At
77%
problem
77%
where
77%
have
76%
When
75%
(Everybody
74%
everybody
74%
is
74%
of
74%
old
74%
time)
74%
agrees)
73%
agrees
73%
become
73%
up
73%
all
71%
always
71%
get
71%
just
71%
you're
71%
afternoons
70%
dream
70%
from
70%
I'll
70%
mirror
70%
wiser
70%
as
69%
must
69%
older
69%
sun
69%
(Teatime)
69%
teatime
69%
thing
69%
hear
68%
directly
67%
left
67%
like
67%
rooting
67%
stare
67%
exhausting
66%
last
66%
She
66%
baby
65%
not
65%
some
65%
They
65%
will
65%
monster
64%
there
64%
depression
63%
hill
63%
One
63%
come
62%
own
62%
sexy
62%
out
61%
people
61%
room
61%
should
61%
stand
61%
wake
61%
with
61%
day
60%
I've
60%
screaming
60%
them
60%
Too
60%
us
60%
dreaming
59%
feel
59%
(Tale
59%
tale
59%
watch
59%
devices
58%
leaving
58%
money
58%
graveyard
57%
end
56%
kills
56%
shift
56%
'Cause
55%
Hell
55%
thinks
55%
ghosted
54%
Sometimes
54%
works
54%
daughter-in-law
53%
got
53%
crisis
52%
Did
52%
laughing
52%
tired
52%
She's
51%
big
50%
prices
50%
heart
49%
scheming
48%
city
47%
hang
47%
vices
47%
family
46%
killed
46%
slowly
46%
kind
45%
through
45%
favorite
44%
life
44%
screams
44%
gathers
43%
someone
43%
lose
42%
narcissism
42%
altruism
41%
disguise
41%
meaning
41%
Pierced
41%
'round
40%
toward
40%
congressman?
39%
covert
38%
lurching
37%
reads
37%
No matching quizzes found
Score Distribution
Percent of People with Each Score
Percentile by Number Answered
Your Score History
You have not taken this quiz since the last reset